Rozbory a hodnocení efektivnosti investic v podnikové praxi
Gespeichert in:
| 1. Verfasser: | |
|---|---|
| Format: | Buch |
| Sprache: | Tschechisch |
| Veröffentlicht: |
Praha
Linde
1991
|
| Ausgabe: | 1. vyd. |
| Schlagworte: | |
| Tags: |
Keine Tags, Fügen Sie das erste Tag hinzu!
|
MARC
| LEADER | 00000nam a2200000 4500 | ||
|---|---|---|---|
| 001 | c000538 | ||
| 005 | 20221214094755.4 | ||
| 020 | |a 80-7038-121-3 | ||
| 041 | 0 | |a cze | |
| 044 | |a CZ | ||
| 245 | 1 | 0 | |a Rozbory a hodnocení efektivnosti investic v podnikové praxi |c Jan Mlčoch |
| 250 | |a 1. vyd. | ||
| 264 | 1 | |a Praha |b Linde |c 1991 | |
| 300 | |a 61 s. | ||
| 610 | 2 | 0 | |a efektívnosť investícií ekonomická |
| 610 | 2 | 0 | |a ukazovatele efektívnosti |
| 610 | 2 | 0 | |a podnikanie |
| 610 | 2 | 0 | |a úver investičný |
| 610 | 2 | 0 | |a návratnosť investícií |
| 610 | 2 | 0 | |a hospodárenie podnikové |
| 610 | 2 | 0 | |a analýza nákladov a výnosov |
| 610 | 2 | 0 | |a zámery investičné |
| 100 | 1 | |a Mlčoch, Jan | |